[Event "MP do 16 lat - chlopcy"]
[Site "Sypniewo"]
[Date "2022.03.25"]
[Round "7.19"]
[White "Karut, Kacper"]
[Black "Rzenca, Jerzy"]
[Result "0-1"]
[BlackElo "1586"]
[WhiteElo "1763"]
[LiveChessVersion "1.4.8"]

1. e4 {[%clk 1:30:58]} c6 {[%clk 1:30:56]} 2. d4 {[%clk 1:31:25]} d5
{[%clk 1:31:22]} 3. Nc3 {[%clk 1:31:52]} dxe4 {[%clk 1:31:47]} 4. Nxe4
{[%clk 1:32:13]} Bf5 {[%clk 1:32:11]} 5. Ng3 {[%clk 1:32:35]} Bg6
{[%clk 1:32:34]} 6. h4 {[%clk 1:32:49]} h6 {[%clk 1:32:57]} 7. Nf3
{[%clk 1:33:09]} Nd7 {[%clk 1:33:22]} 8. h5 {[%clk 1:33:17]} Bh7 {[%clk 1:33:46]}
9. Bd3 {[%clk 1:33:37]} Bxd3 {[%clk 1:34:07]} 10. Qxd3 {[%clk 1:34:05]} e6
{[%clk 1:34:28]} 11. Bd2 {[%clk 1:34:10]} Ngf6 {[%clk 1:34:46]} 12. O-O-O
{[%clk 1:34:14]} Be7 {[%clk 1:35:10]} 13. Kb1 {[%clk 1:34:02]} Qb6
{[%clk 1:35:16]} 14. Ne4 {[%clk 1:19:45]} Nxe4 {[%clk 1:35:36]} 15. Qxe4
{[%clk 1:20:01]} Nf6 {[%clk 1:36:03]} 16. Qe2 {[%clk 1:18:19]} Qb5
{[%clk 1:36:27]} 17. Qxb5 {[%clk 1:10:08]} cxb5 {[%clk 1:36:56]} 18. Ne5
{[%clk 1:07:30]} Nd5 {[%clk 1:29:46]} 19. f4 {[%clk 1:00:24]} Bf6
{[%clk 1:23:34]} 20. Nf3 {[%clk 0:58:33]} Rc8 {[%clk 1:09:50]} 21. g4
{[%clk 0:53:12]} Be7 {[%clk 1:08:48]} 22. g5 {[%clk 0:46:47]} Bd6
{[%clk 1:06:57]} 23. Rh4 {[%clk 0:37:16]} Ne7 {[%clk 1:05:49]} 24. Re1
{[%clk 0:34:30]} hxg5 {[%clk 1:04:23]} 25. Nxg5 {[%clk 0:33:39]} Nf5
{[%clk 1:03:46]} 26. Rh3 {[%clk 0:30:39]} Nxd4 {[%clk 0:58:27]} 27. Rd3
{[%clk 0:29:30]} Nf5 {[%clk 0:57:49]} 28. Rd5 {[%clk 0:26:11]} O-O
{[%clk 0:46:14]} 29. Rxb5 {[%clk 0:25:11]} Rxc2 {[%clk 0:46:32]} 30. Bc3
{[%clk 0:21:13]} Rg2 {[%clk 0:45:48]} 31. Rxb7 {[%clk 0:19:30]} Bxf4
{[%clk 0:45:12]} 32. Ne4 {[%clk 0:16:39]} Be3 {[%clk 0:43:51]} 33. h6
{[%clk 0:16:07]} f6 {[%clk 0:22:10]} 34. hxg7 {[%clk 0:11:09]} Rxg7
{[%clk 0:22:30]} 35. Rb5 {[%clk 0:10:30]} Bd4 {[%clk 0:16:51]} 36. Rb4
{[%clk 0:06:42]} Bxc3 {[%clk 0:10:26]} 37. Nxc3 {[%clk 0:07:01]} e5
{[%clk 0:10:05]} 38. Rh1 {[%clk 0:05:17]} Nd4 {[%clk 0:08:56]} 39. Ra4
{[%clk 0:04:17]} f5 {[%clk 0:08:00]} 40. Ra6 {[%clk 0:33:56]} f4 {[%clk 0:34:08]}
41. Ne4 {[%clk 0:26:08]} f3 {[%clk 0:23:43]} 42. Rah6 {[%clk 0:25:50]} Rf4
{[%clk 0:18:30]} 43. Nf2 {[%clk 0:19:17]} e4 {[%clk 0:15:59]} 44. Rh8+
{[%clk 0:18:40]} Kf7 {[%clk 0:16:23]} 45. Rd8 {[%clk 0:16:15]} e3
{[%clk 0:15:00]} 46. Rd7+ {[%clk 0:08:42]} Kg8 {[%clk 0:07:59]} 47. Rd8+
{[%clk 0:08:35]} Rf8 {[%clk 0:08:10]} 48. Rxd4 {[%clk 0:08:18]} exf2
{[%clk 0:08:29]} 49. Rf1 {[%clk 0:07:13]} Re8 {[%clk 0:07:13]} 50. Kc2
{[%clk 0:00:47]} Re2+ {[%clk 0:06:30]} 51. Rd2 {[%clk 0:00:45]} Rd7 0-1

[Event "MP do 16 lat - chlopcy"]
[Site "Sypniewo"]
[Date "2022.03.25"]
[Round "7.20"]
[White "Wydmanski, Szymon"]
[Black "Wesolek, Krzysztof"]
[Result "1-0"]
[BlackElo "1651"]
[WhiteElo "1756"]
[LiveChessVersion "1.4.8"]

1. e4 {[%clk 1:30:58]} e5 {[%clk 1:30:55]} 2. d4 {[%clk 1:31:20]} exd4
{[%clk 1:31:15]} 3. Nf3 {[%clk 1:31:44]} Nc6 {[%clk 1:30:58]} 4. Nxd4
{[%clk 1:32:00]} Nf6 {[%clk 1:30:34]} 5. Nxc6 {[%clk 1:29:45]} bxc6
{[%clk 1:30:44]} 6. Bd3 {[%clk 1:26:31]} d5 {[%clk 1:28:50]} 7. exd5
{[%clk 1:26:16]} cxd5 {[%clk 1:28:01]} 8. Bg5 {[%clk 1:24:22]} c6
{[%clk 1:12:17]} 9. O-O {[%clk 1:22:41]} Be7 {[%clk 1:11:39]} 10. Qf3
{[%clk 1:21:14]} O-O {[%clk 1:09:40]} 11. Nc3 {[%clk 1:20:18]} Be6
{[%clk 0:58:06]} 12. Rfe1 {[%clk 1:16:42]} Nd7 {[%clk 0:48:39]} 13. Bxe7
{[%clk 1:06:29]} Qxe7 {[%clk 0:49:08]} 14. Ne2 {[%clk 1:06:17]} Qf6
{[%clk 0:35:17]} 15. Qxf6 {[%clk 0:59:18]} Nxf6 {[%clk 0:35:24]} 16. Nd4
{[%clk 0:59:39]} Bd7 {[%clk 0:35:01]} 17. Bf5 {[%clk 0:56:31]} Bxf5
{[%clk 0:20:51]} 18. Nxf5 {[%clk 0:56:55]} c5 {[%clk 0:21:09]} 19. Ne7+
{[%clk 0:50:24]} Kh8 {[%clk 0:21:27]} 20. Rad1 {[%clk 0:50:46]} Rfe8
{[%clk 0:18:19]} 21. Kf1 {[%clk 0:50:47]} Rad8 {[%clk 0:14:51]} 22. Nc6
{[%clk 0:47:08]} Rxe1+ {[%clk 0:12:45]} 23. Rxe1 {[%clk 0:47:08]} Rd7
{[%clk 0:12:52]} 24. Re7 {[%clk 0:45:34]} a6 {[%clk 0:08:39]} 25. Rxd7 Nxd7
{[%clk 0:09:08]} 26. b4 {[%clk 0:40:07]} g6 {[%clk 0:05:24]} 27. Ke2
{[%clk 0:37:17]} Kg7 {[%clk 0:05:25]} 28. bxc5 {[%clk 0:36:17]} Kf6
{[%clk 0:04:07]} 29. Kd3 {[%clk 0:31:47]} Nxc5+ {[%clk 0:04:16]} 30. Kd4
{[%clk 0:32:10]} Na4 {[%clk 0:03:32]} 31. Nb4 {[%clk 0:28:42]} Ke6
{[%clk 0:03:34]} 32. Nxd5 {[%clk 0:23:36]} Kd6 {[%clk 0:03:43]} 33. Nf6
{[%clk 0:22:11]} h5 {[%clk 0:03:24]} 34. c4 {[%clk 0:22:29]} a5 {[%clk 0:02:11]}
35. f3 {[%clk 0:21:27]} Nb2 {[%clk 0:02:09]} 36. h4 {[%clk 0:18:28]} Nd1
{[%clk 0:01:02]} 37. c5+ {[%clk 0:17:23]} Ke6 {[%clk 0:01:24]} 38. Ne4
{[%clk 0:17:16]} f5 {[%clk 0:01:21]} 39. Ng5+ {[%clk 0:17:10]} Ke7
{[%clk 0:00:41]} 40. Nh3 {[%clk 0:45:58]} Nb2 {[%clk 0:30:38]} 41. Nf4
{[%clk 0:45:11]} Kf6 {[%clk 0:30:26]} 42. c6 {[%clk 0:40:27]} Ke7
{[%clk 0:30:48]} 43. Kc5 {[%clk 0:40:32]} Na4+ {[%clk 0:30:48]} 44. Kb5
{[%clk 0:40:53]} Nc3+ {[%clk 0:31:12]} 45. Kb6 {[%clk 0:39:37]} Kd6
{[%clk 0:30:39]} 46. c7 {[%clk 0:39:00]} Nd5+ {[%clk 0:30:59]} 47. Nxd5
{[%clk 0:39:22]} Kxd5 1-0

[Event "MP do 16 lat - chlopcy"]
[Site "Sypniewo"]
[Date "2022.03.25"]
[Round "7.21"]
[White "Kubik, Rafal"]
[Black "Trzebinski, Patryk"]
[Result "1-0"]
[BlackElo "1711"]
[WhiteElo "1732"]
[LiveChessVersion "1.4.8"]

1. e4 {[%clk 1:30:58]} c5 {[%clk 1:30:15]} 2. Nf3 {[%clk 1:31:15]} g6
{[%clk 1:30:36]} 3. d4 {[%clk 1:31:37]} cxd4 {[%clk 1:31:01]} 4. Qxd4
{[%clk 1:31:59]} Nf6 {[%clk 1:30:57]} 5. Nc3 {[%clk 1:32:15]} Bg7
{[%clk 1:29:54]} 6. e5 {[%clk 1:15:26]} Nc6 {[%clk 1:24:53]} 7. Qa4
{[%clk 1:13:55]} Ng8 {[%clk 1:24:52]} 8. Bf4 {[%clk 1:11:45]} Nh6
{[%clk 1:25:07]} 9. O-O-O {[%clk 1:05:41]} Ng4 {[%clk 1:07:19]} 10. Re1
{[%clk 0:44:08]} O-O {[%clk 1:02:06]} 11. h3 {[%clk 0:42:15]} Nh6
{[%clk 1:02:29]} 12. g4 {[%clk 0:41:08]} a6 {[%clk 0:50:29]} 13. Qe4
{[%clk 0:38:51]} Kh8 {[%clk 0:38:14]} 14. Qe3 {[%clk 0:36:58]} Ng8
{[%clk 0:38:39]} 15. h4 {[%clk 0:36:10]} f6 {[%clk 0:37:52]} 16. h5
{[%clk 0:33:59]} g5 {[%clk 0:36:39]} 17. exf6 {[%clk 0:32:13]} Bxf6
{[%clk 0:25:08]} 18. Bxg5 {[%clk 0:30:08]} d5 {[%clk 0:24:29]} 19. Rd1
{[%clk 0:24:25]} Bxg4 {[%clk 0:19:23]} 20. Rxd5 {[%clk 0:22:17]} Qc7
{[%clk 0:12:10]} 21. Bf4 {[%clk 0:18:18]} Bxf3 {[%clk 0:02:44]} 22. Bxc7
{[%clk 0:17:07]} Bxh1 {[%clk 0:03:02]} 23. Rd1 {[%clk 0:14:41]} Bf3
{[%clk 0:02:46]} 24. Be2 {[%clk 0:14:32]} Bxe2 {[%clk 0:02:59]} 25. Nxe2
{[%clk 0:14:35]} Rac8 {[%clk 0:03:28]} 26. Bg3 {[%clk 0:13:43]} Rfd8
{[%clk 0:02:23]} 27. Rxd8 {[%clk 0:12:48]} Rxd8 {[%clk 0:02:51]} 28. c3
{[%clk 0:12:45]} h6 {[%clk 0:01:20]} 29. Bf4 {[%clk 0:11:03]} Rd5
{[%clk 0:01:28]} 30. Ng3 {[%clk 0:10:40]} Ne5 {[%clk 0:00:56]} 31. Kc2
{[%clk 0:08:31]} Nf7 {[%clk 0:00:37]} 32. Qe6 {[%clk 0:07:47]} Rb5
{[%clk 0:00:34]} 33. Qxf7 {[%clk 0:07:52]} a5 {[%clk 0:00:55]} 34. Qc4
{[%clk 0:07:34]} Rb6 {[%clk 0:01:18]} 35. Ne4 {[%clk 0:07:17]} Rc6
{[%clk 0:01:36]} 36. Qd3 {[%clk 0:07:25]} Bg7 {[%clk 0:01:49]} 37. Qd7
{[%clk 0:06:35]} Rc4 {[%clk 0:01:52]} 38. f3 {[%clk 0:05:48]} a4 {[%clk 0:02:01]}
39. Kd3 {[%clk 0:05:46]} b5 {[%clk 0:01:35]} 40. Qxb5 {[%clk 0:35:59]} Rc8
{[%clk 0:31:50]} 1-0

[Event "MP do 16 lat - chlopcy"]
[Site "Sypniewo"]
[Date "2022.03.25"]
[Round "7.22"]
[White "Pisarek, Jan"]
[Black "Wiatrowski, Zbigniew"]
[Result "1-0"]
[BlackElo "1880"]
[WhiteElo "1703"]
[LiveChessVersion "1.4.8"]

1. b3 {[%clk 1:30:44]} d5 {[%clk 1:27:15]} 2. Bb2 {[%clk 1:30:51]} Nf6
{[%clk 1:27:23]} 3. e3 {[%clk 1:30:30]} c5 {[%clk 1:24:54]} 4. f4
{[%clk 1:29:08]} a6 {[%clk 1:23:27]} 5. Nf3 {[%clk 1:28:32]} Nc6 {[%clk 1:23:11]}
6. Be2 {[%clk 1:25:59]} e6 {[%clk 1:21:56]} 7. O-O {[%clk 1:25:32]} Bd6
{[%clk 1:21:47]} 8. Ne5 {[%clk 1:13:50]} Qc7 {[%clk 1:19:49]} 9. Nxc6
{[%clk 1:04:25]} Qxc6 {[%clk 1:19:32]} 10. d3 {[%clk 1:04:19]} Qc7
{[%clk 1:17:30]} 11. Qe1 {[%clk 0:55:06]} Bd7 {[%clk 0:56:59]} 12. Qg3
{[%clk 0:52:55]} Be7 {[%clk 0:54:45]} 13. Nd2 {[%clk 0:50:39]} O-O-O
{[%clk 0:53:55]} 14. Nf3 {[%clk 0:44:29]} Rhg8 {[%clk 0:50:03]} 15. Ne5
{[%clk 0:42:21]} Be8 {[%clk 0:48:59]} 16. c4 {[%clk 0:41:01]} dxc4
{[%clk 0:29:31]} 17. Nxc4 {[%clk 0:34:07]} Nd7 {[%clk 0:28:59]} 18. Rac1
{[%clk 0:32:37]} f6 {[%clk 0:27:29]} 19. b4 {[%clk 0:29:28]} Kb8 {[%clk 0:26:32]}
20. Qh3 {[%clk 0:24:54]} Bf7 {[%clk 0:19:38]} 21. bxc5 {[%clk 0:24:14]} e5
{[%clk 0:16:49]} 22. fxe5 {[%clk 0:22:30]} Nxc5 {[%clk 0:15:32]} 23. d4
{[%clk 0:16:23]} Be6 {[%clk 0:15:18]} 24. Qxh7 {[%clk 0:14:53]} Na4
{[%clk 0:13:03]} 25. Qb1 {[%clk 0:11:03]} Qd7 {[%clk 0:09:53]} 26. Ba1
{[%clk 0:05:27]} Rc8 {[%clk 0:07:35]} 27. Na5 {[%clk 0:03:49]} b5
{[%clk 0:07:56]} 28. Bf3 {[%clk 0:03:34]} Bd5 {[%clk 0:07:45]} 29. e4
{[%clk 0:03:19]} Ba8 {[%clk 0:08:14]} 30. d5 {[%clk 0:03:22]} Bc5+
{[%clk 0:07:30]} 31. Kh1 {[%clk 0:03:51]} Rh8 {[%clk 0:07:39]} 32. Nb3
{[%clk 0:03:31]} Be3 {[%clk 0:07:19]} 33. Rxc8+ {[%clk 0:02:53]} Qxc8
{[%clk 0:07:48]} 34. Bd1 {[%clk 0:01:08]} Qc4 {[%clk 0:04:29]} 35. Bg4
{[%clk 0:00:48]} Bxd5 {[%clk 0:04:16]} 36. exd5 {[%clk 0:01:12]} Qxg4
{[%clk 0:04:41]} 37. Qf5 {[%clk 0:01:04]} Qg3 {[%clk 0:02:17]} 38. h3
{[%clk 0:01:11]} Bg5 {[%clk 0:01:39]} 39. Qf3 {[%clk 0:00:57]} Qxf3
{[%clk 0:00:34]} 40. Rxf3 {[%clk 0:31:23]} Re8 {[%clk 0:30:34]} 41. exf6
{[%clk 0:25:45]} gxf6 {[%clk 0:30:23]} 42. Bxf6 {[%clk 0:26:02]} Re1+
{[%clk 0:30:42]} 43. Kh2 {[%clk 0:26:22]} Bxf6 {[%clk 0:29:32]} 44. Rxf6
{[%clk 0:26:47]} Ka7 {[%clk 0:28:37]} 45. d6 {[%clk 0:23:06]} Rd1
{[%clk 0:28:40]} 46. h4 {[%clk 0:22:04]} Rd5 {[%clk 0:27:58]} 47. g4
{[%clk 0:21:38]} Nc3 {[%clk 0:26:44]} 48. Re6 {[%clk 0:18:18]} Nxa2
{[%clk 0:25:52]} 49. h5 {[%clk 0:17:42]} Rd3 {[%clk 0:22:48]} 50. h6
{[%clk 0:17:55]} Rf3 {[%clk 0:23:01]} 51. d7 {[%clk 0:17:34]} 1-0

[Event "MP do 16 lat - chlopcy"]
[Site "Sypniewo"]
[Date "2022.03.25"]
[Round "7.23"]
[White "Kusiak, Mateusz"]
[Black "Grzadka, Artur"]
[Result "1-0"]
[BlackElo "1710"]
[WhiteElo "1715"]
[LiveChessVersion "1.4.8"]

1. e4 {[%clk 1:30:58]} c6 {[%clk 1:30:56]} 2. d4 {[%clk 1:31:22]} d5
{[%clk 1:31:22]} 3. e5 {[%clk 1:31:45]} Bf5 {[%clk 1:31:45]} 4. h4
{[%clk 1:32:07]} h6 {[%clk 1:32:01]} 5. g4 {[%clk 1:30:59]} Bd7 {[%clk 1:32:27]}
6. f4 {[%clk 1:24:53]} e6 {[%clk 1:32:35]} 7. Bd3 {[%clk 1:25:04]} c5
{[%clk 1:32:35]} 8. c3 {[%clk 1:24:42]} Qb6 {[%clk 1:32:13]} 9. Nf3
{[%clk 1:19:30]} Nc6 {[%clk 1:31:17]} 10. dxc5 {[%clk 1:03:09]} Bxc5
{[%clk 1:31:10]} 11. Nbd2 {[%clk 1:02:25]} Bf2+ {[%clk 1:27:00]} 12. Kf1
{[%clk 1:00:09]} Bg3 {[%clk 1:26:35]} 13. Qe2 {[%clk 1:00:29]} Bxf4
{[%clk 1:26:14]} 14. Kg2 {[%clk 1:00:40]} Nge7 {[%clk 1:18:22]} 15. Bc2
{[%clk 0:48:38]} h5 {[%clk 1:11:25]} 16. Nc4 {[%clk 0:43:17]} dxc4
{[%clk 1:07:45]} 17. Bxf4 {[%clk 0:43:39]} O-O-O {[%clk 0:55:42]} 18. Ng5
{[%clk 0:39:09]} Be8 {[%clk 0:53:12]} 19. Ne4 {[%clk 0:32:51]} Nd5
{[%clk 0:50:35]} 20. Bg5 {[%clk 0:33:05]} Nce7 {[%clk 0:44:51]} 21. Nd6+
{[%clk 0:30:48]} Kb8 {[%clk 0:44:25]} 22. Nxc4 {[%clk 0:25:25]} Qc6
{[%clk 0:42:48]} 23. Be4 {[%clk 0:25:32]} f6 {[%clk 0:42:39]} 24. exf6
{[%clk 0:18:08]} gxf6 {[%clk 0:41:51]} 25. Bxf6 {[%clk 0:15:47]} Nf4+
{[%clk 0:33:33]} 26. Kf2 {[%clk 0:16:02]} Qc5+ {[%clk 0:32:48]} 27. Qe3
{[%clk 0:16:20]} Qxe3+ {[%clk 0:32:55]} 28. Nxe3 {[%clk 0:16:20]} Rd2+
{[%clk 0:30:36]} 29. Kf3 {[%clk 0:08:58]} hxg4+ {[%clk 0:29:08]} 30. Nxg4
{[%clk 0:08:12]} 1-0

[Event "MP do 16 lat - chlopcy"]
[Site "Sypniewo"]
[Date "2022.03.25"]
[Round "7.24"]
[White "Bancarewicz, Aleks"]
[Black "Goral, Jan"]
[Result "1-0"]
[BlackElo "1618"]
[WhiteElo "1870"]
[LiveChessVersion "1.4.8"]

1. e4 {[%clk 1:30:56]} c6 {[%clk 1:30:48]} 2. d4 {[%clk 1:31:20]} d5
{[%clk 1:31:11]} 3. Nc3 {[%clk 1:31:40]} dxe4 {[%clk 1:31:29]} 4. Nxe4
{[%clk 1:32:05]} Nf6 {[%clk 1:31:45]} 5. Nxf6+ {[%clk 1:32:08]} exf6
{[%clk 1:32:07]} 6. c3 {[%clk 1:31:11]} Bd6 {[%clk 1:32:21]} 7. Bd3
{[%clk 1:31:22]} O-O {[%clk 1:32:41]} 8. Qc2 {[%clk 1:30:15]} Re8+
{[%clk 1:32:54]} 9. Ne2 {[%clk 1:29:59]} h5 {[%clk 1:33:07]} 10. Be3
{[%clk 1:19:23]} Nd7 {[%clk 1:33:19]} 11. O-O-O {[%clk 1:18:46]} b5
{[%clk 1:32:57]} 12. d5 {[%clk 1:14:10]} c5 {[%clk 1:01:03]} 13. Bxb5
{[%clk 1:13:14]} Rb8 {[%clk 1:00:43]} 14. c4 {[%clk 1:06:51]} a6 {[%clk 0:58:56]}
15. Ba4 {[%clk 1:05:13]} Re5 {[%clk 0:51:55]} 16. Nc3 {[%clk 0:37:55]} Nb6
{[%clk 0:50:47]} 17. b3 {[%clk 0:36:22]} Bf5 {[%clk 0:50:43]} 18. Qd2
{[%clk 0:36:18]} Re7 {[%clk 0:43:55]} 19. Qe2 {[%clk 0:20:21]} Bg4
{[%clk 0:37:52]} 20. Qd3 {[%clk 0:20:50]} g6 {[%clk 0:30:14]} 21. Bc6
{[%clk 0:19:12]} Bf5 {[%clk 0:29:28]} 22. Qe2 {[%clk 0:14:25]} Nd7
{[%clk 0:26:00]} 23. Bxd7 {[%clk 0:11:58]} Qxd7 {[%clk 0:25:48]} 24. Qd2
{[%clk 0:10:07]} Qc7 {[%clk 0:24:59]} 25. g3 {[%clk 0:08:46]} Bd7
{[%clk 0:20:33]} 26. Bf4 {[%clk 0:08:03]} Rbe8 {[%clk 0:13:18]} 27. Bxd6
{[%clk 0:05:27]} Qxd6 {[%clk 0:13:42]} 28. Qf4 {[%clk 0:05:50]} Qxf4+
{[%clk 0:11:55]} 29. gxf4 {[%clk 0:06:19]} Bg4 {[%clk 0:12:06]} 30. Rd2
{[%clk 0:06:33]} Re1+ {[%clk 0:11:20]} 31. Rxe1 {[%clk 0:07:02]} Rxe1+
{[%clk 0:11:41]} 32. Kb2 {[%clk 0:07:27]} Rh1 {[%clk 0:10:17]} 33. f3
{[%clk 0:07:32]} Bxf3 {[%clk 0:09:35]} 34. d6 {[%clk 0:06:54]} Bc6
{[%clk 0:09:44]} 35. Ne4 {[%clk 0:06:46]} Kg7 {[%clk 0:08:14]} 36. Nxc5
{[%clk 0:07:10]} Rf1 {[%clk 0:08:26]} 37. d7 {[%clk 0:07:20]} Bxd7
{[%clk 0:08:50]} 38. Nxd7 {[%clk 0:07:47]} Rxf4 {[%clk 0:09:12]} 39. c5
{[%clk 0:07:56]} Re4 {[%clk 0:09:18]} 40. c6 {[%clk 0:38:01]} Re6
{[%clk 0:39:26]} 41. c7 {[%clk 0:38:12]} Rc6 {[%clk 0:39:51]} 42. Rc2
{[%clk 0:38:39]} 1-0

[Event "MP do 16 lat - chlopcy"]
[Site "Sypniewo"]
[Date "2022.03.25"]
[Round "7.25"]
[White "Kotowicz, Kamil"]
[Black "Biesiadecki, Adam"]
[Result "1-0"]
[BlackElo "1916"]
[WhiteElo "1764"]
[LiveChessVersion "1.4.8"]

1. d4 {[%clk 1:30:34]} Nf6 {[%clk 1:30:53]} 2. Nf3 {[%clk 1:31:00]} c5
{[%clk 1:30:59]} 3. d5 {[%clk 1:31:22]} e6 {[%clk 1:31:15]} 4. c4
{[%clk 1:31:40]} b5 {[%clk 1:31:38]} 5. Bf4 {[%clk 1:23:24]} bxc4
{[%clk 1:30:05]} 6. Nc3 {[%clk 1:22:32]} Bb7 {[%clk 1:29:49]} 7. e4
{[%clk 1:21:43]} Qa5 {[%clk 1:29:22]} 8. Bd2 {[%clk 1:20:56]} Qb6
{[%clk 1:26:48]} 9. Bxc4 {[%clk 1:20:20]} Ba6 {[%clk 1:23:05]} 10. b3
{[%clk 1:18:11]} Be7 {[%clk 1:23:07]} 11. e5 {[%clk 1:15:27]} Nxd5
{[%clk 1:20:51]} 12. Bxd5 {[%clk 1:12:43]} exd5 {[%clk 1:21:13]} 13. Nxd5
{[%clk 1:13:10]} Qd8 {[%clk 1:18:50]} 14. Bf4 {[%clk 1:11:00]} O-O
{[%clk 1:11:43]} 15. e6 {[%clk 1:01:00]} d6 {[%clk 1:02:04]} 16. Nxe7+
{[%clk 0:59:32]} Qxe7 {[%clk 0:59:30]} 17. Qxd6 {[%clk 0:59:40]} Qxe6+
{[%clk 0:55:09]} 18. Qxe6 {[%clk 0:59:51]} fxe6 {[%clk 0:55:34]} 19. Bd6
{[%clk 0:59:53]} Rc8 {[%clk 0:52:56]} 20. Rc1 {[%clk 0:59:00]} Nd7
{[%clk 0:52:48]} 21. Nd2 {[%clk 0:57:43]} Rc6 {[%clk 0:51:51]} 22. Bf4
{[%clk 0:57:31]} Rf8 {[%clk 0:50:08]} 23. Bg3 {[%clk 0:55:07]} Rd8
{[%clk 0:45:39]} 24. a4 {[%clk 0:50:59]} Rdc8 {[%clk 0:30:55]} 25. Nc4
{[%clk 0:49:04]} Bxc4 {[%clk 0:30:05]} 26. Rxc4 {[%clk 0:46:35]} Nb6
{[%clk 0:30:04]} 27. Rc1 {[%clk 0:41:46]} c4 {[%clk 0:29:59]} 28. a5
{[%clk 0:41:38]} cxb3 {[%clk 0:27:13]} 29. Rxc6 {[%clk 0:40:36]} Rxc6
{[%clk 0:27:33]} 30. axb6 {[%clk 0:40:35]} Rxb6 {[%clk 0:26:53]} 31. Kd2
{[%clk 0:40:38]} a5 {[%clk 0:27:05]} 32. Kc3 {[%clk 0:40:00]} a4 {[%clk 0:27:20]}
33. Kb2 {[%clk 0:39:34]} Rc6 {[%clk 0:26:24]} 34. Ka3 {[%clk 0:38:26]} Rc4
{[%clk 0:25:58]} 35. Rb1 {[%clk 0:33:11]} Kf7 {[%clk 0:25:14]} 36. Bd6
{[%clk 0:30:25]} Kf6 {[%clk 0:24:58]} 37. Bb4 {[%clk 0:29:44]} Rc2
{[%clk 0:24:20]} 38. Rb2 {[%clk 0:30:02]} Rxb2 {[%clk 0:24:10]} 39. Bc3+
{[%clk 0:30:21]} Kf5 {[%clk 0:24:31]} 40. Bxb2 {[%clk 1:00:46]} g5
{[%clk 0:54:21]} 41. Kxa4 {[%clk 1:01:10]} Ke4 {[%clk 0:54:42]} 42. Kxb3
{[%clk 1:01:27]} Kd3 {[%clk 0:55:08]} 43. g3 {[%clk 0:27:11]} g4 {[%clk 0:52:56]}
44. Kb4 {[%clk 0:27:07]} Ke2 45. Bd4 {[%clk 0:27:31]} Kf3 {[%clk 0:52:20]} 46.
Kc5 {[%clk 0:27:23]} Kg2 {[%clk 0:52:26]} 47. Kd6 {[%clk 0:27:47]} Kxh2
{[%clk 0:52:45]} 48. Kxe6 {[%clk 0:28:07]} h5 {[%clk 0:53:00]} 49. Kf5
{[%clk 0:28:27]} 1-0

[Event "MP do 16 lat - chlopcy"]
[Site "Sypniewo"]
[Date "2022.03.25"]
[Round "7.26"]
[White "Bajer, Tomasz"]
[Black "Bochenek, Ryszard"]
[Result "0-1"]
[BlackElo "1530"]
[WhiteElo "1460"]
[LiveChessVersion "1.4.8"]

1. Nf3 {[%clk 1:30:58]} Nf6 {[%clk 1:30:49]} 2. g3 {[%clk 1:31:12]} g6
{[%clk 1:31:16]} 3. Bg2 {[%clk 1:31:30]} Bg7 {[%clk 1:31:39]} 4. O-O
{[%clk 1:31:49]} d6 {[%clk 1:31:58]} 5. d3 {[%clk 1:32:10]} O-O {[%clk 1:32:17]}
6. Nbd2 {[%clk 1:31:32]} e5 {[%clk 1:31:00]} 7. c4 {[%clk 1:31:14]} Nc6
{[%clk 1:31:01]} 8. Rb1 {[%clk 1:31:09]} a5 {[%clk 1:31:22]} 9. a3
{[%clk 1:31:13]} h6 {[%clk 1:31:18]} 10. b4 {[%clk 1:30:45]} axb4
{[%clk 1:31:42]} 11. axb4 {[%clk 1:31:09]} Be6 {[%clk 1:31:28]} 12. b5
{[%clk 1:27:08]} Ne7 {[%clk 1:31:29]} 13. Bb2 {[%clk 1:25:13]} Qd7
{[%clk 1:31:06]} 14. Ra1 {[%clk 1:20:28]} Bh3 {[%clk 1:30:07]} 15. Ra4
{[%clk 1:19:31]} Bxg2 {[%clk 1:29:08]} 16. Kxg2 Nh5 {[%clk 1:28:09]} 17. Qa1
{[%clk 1:20:15]} Rxa4 {[%clk 1:28:15]} 18. Qxa4 {[%clk 1:20:41]} f5
{[%clk 1:23:52]} 19. Qa7 {[%clk 1:18:30]} b6 {[%clk 1:22:36]} 20. Ne1
{[%clk 1:17:38]} f4 {[%clk 1:21:30]} 21. h3 {[%clk 1:11:15]} fxg3
{[%clk 1:20:32]} 22. fxg3 {[%clk 1:11:38]} Nf5 {[%clk 1:12:20]} 23. Rf3
{[%clk 1:12:00]} Nfxg3 {[%clk 0:46:59]} 24. Rxg3 {[%clk 1:07:56]} Nf4+
{[%clk 0:46:40]} 25. Kh2 {[%clk 1:06:51]} Nxe2 {[%clk 0:46:56]} 26. Rg2
{[%clk 1:06:40]} Nf4 {[%clk 0:46:33]} 27. Rg3 {[%clk 1:07:04]} Nh5
{[%clk 0:42:56]} 28. Rg2 {[%clk 1:06:00]} Qf5 {[%clk 0:39:22]} 29. Ndf3
{[%clk 1:02:32]} Nf4 {[%clk 0:35:08]} 30. Nh4 {[%clk 1:01:31]} Qf6
{[%clk 0:35:16]} 31. Rg4 {[%clk 0:56:30]} h5 {[%clk 0:35:10]} 32. Nxg6 Nxg6
{[%clk 0:34:51]} 33. Rg2 {[%clk 0:56:00]} Qf4+ {[%clk 0:34:28]} 34. Kg1
{[%clk 0:55:50]} Qf1+ {[%clk 0:33:03]} 35. Kh2 {[%clk 0:56:14]} Nh4
{[%clk 0:32:48]} 36. Rg1 {[%clk 0:55:54]} Rf2+ {[%clk 0:32:41]} 37. Kg3
{[%clk 0:55:52]} Qxg1+ {[%clk 0:32:59]} 38. Kxh4 {[%clk 0:56:09]} Bf6+
{[%clk 0:33:24]} 39. Kxh5 {[%clk 0:56:25]} Qg5# {[%clk 0:33:49]} 0-1

[Event "MP do 16 lat - chlopcy"]
[Site "Sypniewo"]
[Date "2022.03.26"]
[Round "8.1"]
[White "Fiszer, Bartosz"]
[Black "Malek, Jan"]
[Result "1-0"]
[BlackElo "2230"]
[WhiteElo "2226"]
[LiveChessVersion "1.4.8"]

1. e4 {[%clk 1:30:47]} c5 {[%clk 1:30:51]} 2. Nf3 {[%clk 1:31:03]} Nc6
{[%clk 1:31:13]} 3. d4 {[%clk 1:31:28]} cxd4 {[%clk 1:31:37]} 4. Nxd4
{[%clk 1:31:38]} g6 {[%clk 1:31:57]} 5. c4 {[%clk 1:31:53]} Bg7 {[%clk 1:32:23]}
6. Be3 {[%clk 1:32:12]} Qb6 {[%clk 1:32:47]} 7. Nb3 {[%clk 1:32:23]} Qd8
{[%clk 1:33:12]} 8. Qd2 {[%clk 1:32:47]} Nf6 {[%clk 1:33:26]} 9. f3
{[%clk 1:33:12]} O-O {[%clk 1:33:50]} 10. Nc3 {[%clk 1:33:17]} d6
{[%clk 1:34:16]} 11. Nd4 {[%clk 1:31:00]} Nxd4 {[%clk 1:34:03]} 12. Bxd4
{[%clk 1:31:24]} Qa5 {[%clk 1:32:43]} 13. Be2 {[%clk 1:28:25]} Be6
{[%clk 1:32:33]} 14. b3 {[%clk 1:27:05]} Rfc8 {[%clk 1:32:35]} 15. a4
{[%clk 1:14:41]} Nd7 {[%clk 1:19:47]} 16. Bxg7 {[%clk 1:12:27]} Kxg7
{[%clk 1:19:51]} 17. O-O {[%clk 1:09:28]} Kg8 {[%clk 1:12:13]} 18. Kh1
{[%clk 1:07:58]} Nc5 {[%clk 1:10:36]} 19. Rab1 {[%clk 1:06:35]} Qb4
{[%clk 1:10:58]} 20. Qe3 {[%clk 0:53:38]} a5 {[%clk 0:55:19]} 21. f4
{[%clk 0:49:45]} f6 {[%clk 0:55:39]} 22. Rf3 {[%clk 0:17:50]} Kg7
{[%clk 0:49:40]} 23. h4 {[%clk 0:17:51]} Nd7 {[%clk 0:48:16]} 24. Rg3
{[%clk 0:17:18]} Qc5 {[%clk 0:47:55]} 25. Qd2 {[%clk 0:16:47]} Bf7
{[%clk 0:39:50]} 26. Rf1 {[%clk 0:13:14]} Rh8 {[%clk 0:37:32]} 27. Bd1
{[%clk 0:11:38]} Nb8 {[%clk 0:36:14]} 28. Re1 {[%clk 0:07:29]} Nc6
{[%clk 0:36:24]} 29. Nd5 {[%clk 0:07:51]} Rad8 {[%clk 0:31:23]} 30. h5
{[%clk 0:07:11]} Rhf8 {[%clk 0:30:34]} 31. Qb2 {[%clk 0:05:08]} Bg8
{[%clk 0:29:23]} 32. Kh2 {[%clk 0:03:49]} e6 {[%clk 0:28:12]} 33. Ne3
{[%clk 0:03:12]} Qd4 {[%clk 0:28:21]} 34. Qc1 {[%clk 0:02:12]} Qxe4
{[%clk 0:23:49]} 35. hxg6 {[%clk 0:02:11]} Nb4 {[%clk 0:12:41]} 36. gxh7+
{[%clk 0:01:29]} Kxh7 {[%clk 0:13:06]} 37. Bc2 {[%clk 0:00:49]} Nxc2
{[%clk 0:13:30]} 38. Nxc2 {[%clk 0:01:15]} Qf5 {[%clk 0:12:38]} 39. Nd4
{[%clk 0:00:54]} Qc5 {[%clk 0:13:07]} 40. Qc2+ {[%clk 0:30:45]} f5
{[%clk 0:43:00]} 41. Nxe6 {[%clk 0:28:15]} Bxe6 {[%clk 0:42:26]} 42. Rxe6
{[%clk 0:26:21]} 1-0